| 000 | 01226nam a22002657a 4500 | ||
|---|---|---|---|
| 003 | OSt | ||
| 005 | 20260310004827.0 | ||
| 008 | 260307b |||||||| |||| 00| 0 eng d | ||
| 040 |
_bEnglish. _cCvSU-CCAT Campus Library. _erda. |
||
| 050 |
_aUM UC 267.P6 _bC35 2023 |
||
| 100 |
_aCalacien, Quennie Ann C., author. _918095 |
||
| 245 |
_aChallenges and coping mechanisms of military supply retailers in selected areas of Cavite / _cQuennie Ann C. Calacien, Joseph Edward G. Limbaga, Rowell J. Tibatib. |
||
| 260 |
_aRosario, Cavite : _bCavite State University-CCAT Campus, _c2023. |
||
| 300 |
_axi, 75 leaves : _billustrations ; _c28 cm |
||
| 500 | _aUndergraduate Thesis (BSBM)--Cavite State University-CCAT Campus, 2023. | ||
| 504 | _aIncludes bibliographical references and appendices. | ||
| 546 | _aIn English text | ||
| 650 |
_aMilitary supplies -- Retail -- Cavite (Philippines). _918096 |
||
| 650 |
_aSmall business -- Cavite (Philippines). _918097 |
||
| 650 |
_aBusiness resilience -- Philippines. _918098 |
||
| 700 |
_aLimbaga, Joseph Edward G., author. _918099 |
||
| 700 |
_aTibatib, Rowell J., author. _918100 |
||
| 942 |
_2lcc _cBK _hUC 267.P6 C35 2023 _kUM |
||
| 999 |
_c4822 _d4822 |
||